Интерпретация живописи в феноменологии восприятия М. Мерло-Понти; Известия Томского политехнического университета [Известия ТПУ]; Т. 322, № 6 : Экономика. Философия, социология и культурология. История
| Parent link: | Известия Томского политехнического университета [Известия ТПУ]/ Томский политехнический университет (ТПУ).— , 2000- Т. 322, № 6 : Экономика. Философия, социология и культурология. История.— 2013.— [С. 99-103] |
|---|---|
| Hovedforfatter: | |
| Summary: | Заглавие с титульного листа Электронная версия печатной публикации Анализируется тесное взаимодействие философии и живописи в концепции Мориса Мерло-Понти. Реконструированы фундаментальные положения феноменологии французского философа, касающиеся задачи феноменологии по обращению к первичному, дорефлексивному, "наивному" контакту человека с миром, которая в полной мере реализуется в практике изобразительного искусства, где художник дает выражение "ткани" бытия посредством взаимодействия своей телесности и мира. В качестве плодотворности применения феноменологии к изобразительному искусству приведена интерпретация живописи Поля Сезанна Морисом Мерло-Понти. |
| Sprog: | russisk |
| Udgivet: |
2013
|
| Serier: | Философия, социология и культурология |
| Fag: | |
| Online adgang: | http://earchive.tpu.ru/bitstream/11683/4862/1/bulletin_tpu-2013-322-6-21.pdf |
| Format: | MixedMaterials Electronisk Book Chapter |
| KOHA link: | https://koha.lib.tpu.ru/cgi-bin/koha/opac-detail.pl?biblionumber=241329 |
MARC
| LEADER | 00000nla2a2200000 4500 | ||
|---|---|---|---|
| 001 | 241329 | ||
| 005 | 20231101231815.0 | ||
| 035 | |a (RuTPU)RU\TPU\book\262596 | ||
| 035 | |a RU\TPU\book\262589 | ||
| 090 | |a 241329 | ||
| 100 | |a 20130710d2013 k y0rusy50 ca | ||
| 101 | 0 | |a rus | |
| 102 | |a RU | ||
| 135 | |a drnn ---uucaa | ||
| 181 | 0 | |a i | |
| 182 | 0 | |a b | |
| 200 | 1 | |a Интерпретация живописи в феноменологии восприятия М. Мерло-Понти |b Электронный ресурс |f Е. В. Кондратьева | |
| 203 | |a Текст |c электронный | ||
| 215 | |a 1 файл (80 Кб) | ||
| 225 | 1 | |a Философия, социология и культурология | |
| 230 | |a Электронные текстовые данные (1 файл : 80 Кб) | ||
| 300 | |a Заглавие с титульного листа | ||
| 300 | |a Электронная версия печатной публикации | ||
| 320 | |a [Библиогр.: с. 103 (10 назв.)] | ||
| 330 | |a Анализируется тесное взаимодействие философии и живописи в концепции Мориса Мерло-Понти. Реконструированы фундаментальные положения феноменологии французского философа, касающиеся задачи феноменологии по обращению к первичному, дорефлексивному, "наивному" контакту человека с миром, которая в полной мере реализуется в практике изобразительного искусства, где художник дает выражение "ткани" бытия посредством взаимодействия своей телесности и мира. В качестве плодотворности применения феноменологии к изобразительному искусству приведена интерпретация живописи Поля Сезанна Морисом Мерло-Понти. | ||
| 337 | |a Adobe Reader | ||
| 461 | 1 | |0 (RuTPU)RU\TPU\book\176237 |t Известия Томского политехнического университета [Известия ТПУ] |f Томский политехнический университет (ТПУ) |d 2000- | |
| 463 | 1 | |0 (RuTPU)RU\TPU\book\262503 |x 1684-8519 |t Т. 322, № 6 : Экономика. Философия, социология и культурология. История |v [С. 99-103] |d 2013 |p 195 с. | |
| 600 | 1 | |a Мерло-Понти |g Морис |b М. |c французский философ |c представитель феноменологии |f 1908-1961 |2 stltpush |3 (RuTPU)RU\TPU\pers\1273 | |
| 600 | 1 | |a Сезанн |b П. |c французский живописец |f 1839-1906 |g Поль |2 stltpush |3 (RuTPU)RU\TPU\pers\12474 |9 3481 | |
| 610 | 1 | |a философия | |
| 610 | 1 | |a феноменология | |
| 610 | 1 | |a живопись | |
| 610 | 1 | |a интерпретация | |
| 610 | 1 | |a восприятие | |
| 610 | 1 | |a тело | |
| 610 | 1 | |a труды учёных ТПУ | |
| 610 | 1 | |a электронный ресурс | |
| 700 | 1 | |a Кондратьева |b Е. В. |g Евгения Викторовна | |
| 801 | 1 | |a RU |b 63413507 |c 20090623 |g PSBO | |
| 801 | 2 | |a RU |b 63413507 |c 20220204 |g PSBO | |
| 856 | 4 | |u http://earchive.tpu.ru/bitstream/11683/4862/1/bulletin_tpu-2013-322-6-21.pdf | |
| 942 | |c CF | ||